Czasowniki - j. włoski cz.2 - Statystyki

Ogólne statystyki
  • Ten quiz został rozwiązany 179 razy
  • Średni wynik to 13 z 25
Statystyki odpowiedzi
po polsku po włosku % Poprawnych
jeść mangiare
90%
mówić parlare
87%
pracować lavorare
86%
spać dormire
81%
grać, bawić się giocare
78%
oglądać, patrzeć guardare
78%
czytać leggere
76%
płacić pagare
75%
kończyć finire
71%
myć lavare
56%
myśleć pensare
56%
zapraszać invitare
49%
wchodzić entrare
46%
wyjeżdżać partire
46%
kłaść, położyć mettere
37%
prowadzić, kierować guidare
35%
zamawiać ordinare
34%
gubić, tracić perdere
34%
brakować mancare
33%
spędzać, przechodzić, mijać passare
32%
dzielić dividere
27%
stać się diventare
26%
oferować, stawiać offire
19%
uczestniczyć partecipare
15%
dostarczać fornire
10%
Nie znaleziono quizów pasujących do podanych kryteriów
Rozkład punktacji
Procent ludzi z każdym wynikiem
Percentyl według liczby udzielonych odpowiedzi
Twoja historia wyników
Nie rozwiązałeś tego quizu